| 000 | 00545nam a2200157 a 4500 | ||
|---|---|---|---|
| 008 | 120416s0000 ||||||||||||||||| || u | ||
| 020 | _a0834801175 | ||
| 050 | _aBQ 886 Ike | ||
| 100 | _aIkeda, Daisaku | ||
| 245 | 1 | 4 | _aThe living Buddha |
| 246 | _aan interpretative biography | ||
| 260 |
_aNew York _bWeather-Hill _c1976 |
||
| 300 | _ax, 148p. : ill. | ||
| 350 | _a0.00 | ||
| 995 |
_D0.00 _FCBU-MAIN LIBRARY (Kitwe) _H1 _I17.50 _M1 _UAVAILABLE _WJul 31, 2006 _ZMain Library Open Access Collection |
||
| 999 |
_c49395 _d49395 |
||